000 00270pab a2200109 454500
008 180718b xxu||||| |||| 00| 0 eng d
100 _aMajumdar, Udayan
245 _aRegenerating India's cities
650 _aCities and Towns - Growth - India
773 _aManisha
909 _a651
999 _c651
_d651